Nơi trú ngụ không có trong bản đồ : Tập truyện ngắn các tác giả đoạt giải văn học tuổi 20 lần II

সংরক্ষণ করুন:
গ্রন্থ-পঞ্জীর বিবরন
প্রধান লেখক: Nguyễn, Thị Thanh Bình
বিন্যাস: গ্রন্থ
ভাষা:Undetermined
প্রকাশিত: Thành phố Hồ Chí Minh Trẻ 2014
বিষয়গুলি:
ট্যাগগুলো: ট্যাগ যুক্ত করুন
কোনো ট্যাগ নেই, প্রথমজন হিসাবে ট্যাগ করুন!
Thư viện lưu trữ: Trung tâm Học liệu Trường Đại học Cần Thơ
LEADER 00734nam a2200205Ia 4500
001 CTU_207804
008 210402s9999 xx 000 0 und d
020 |c 105000 
082 |a 895.92234 
082 |b B312 
100 |a Nguyễn, Thị Thanh Bình 
245 0 |a Nơi trú ngụ không có trong bản đồ : 
245 0 |b Tập truyện ngắn các tác giả đoạt giải văn học tuổi 20 lần II 
245 0 |c Nguyễn Thị Thanh Bình, Tịnh Thuỷ 
260 |a Thành phố Hồ Chí Minh 
260 |b Trẻ 
260 |c 2014 
650 |a Truyện ngắn Việt Nam,Short stories, Vietnamese 
904 |i Hải 
980 |a Trung tâm Học liệu Trường Đại học Cần Thơ